<?xml version="1.0" encoding="UTF-8"?><?xml-stylesheet type="text/xsl" href="static/style.xsl"?><OAI-PMH xmlns="http://www.openarchives.org/OAI/2.0/" xmlns:xsi="http://www.w3.org/2001/XMLSchema-instance" xsi:schemaLocation="http://www.openarchives.org/OAI/2.0/ http://www.openarchives.org/OAI/2.0/OAI-PMH.xsd"><responseDate>2026-04-18T21:39:40Z</responseDate><request verb="GetRecord" identifier="oai:riubu.ubu.es:10259/9358" metadataPrefix="marc">https://riubu.ubu.es/oai/request</request><GetRecord><record><header><identifier>oai:riubu.ubu.es:10259/9358</identifier><datestamp>2025-05-12T08:20:02Z</datestamp><setSpec>com_10259_4141</setSpec><setSpec>com_10259_5086</setSpec><setSpec>com_10259_2604</setSpec><setSpec>com_10259_6688</setSpec><setSpec>col_10259_9361</setSpec><setSpec>col_10259_9360</setSpec><setSpec>col_10259_5684</setSpec></header><metadata><record xmlns="http://www.loc.gov/MARC21/slim" xmlns:doc="http://www.lyncode.com/xoai" xmlns:xsi="http://www.w3.org/2001/XMLSchema-instance" xmlns:dcterms="http://purl.org/dc/terms/" xsi:schemaLocation="http://www.loc.gov/MARC21/slim http://www.loc.gov/standards/marcxml/schema/MARC21slim.xsd">
<leader>00925njm 22002777a 4500</leader>
<datafield tag="042" ind1=" " ind2=" ">
<subfield code="a">dc</subfield>
</datafield>
<datafield tag="720" ind1=" " ind2=" ">
<subfield code="a">Alcalá-Cerrillo, María</subfield>
<subfield code="e">author</subfield>
</datafield>
<datafield tag="720" ind1=" " ind2=" ">
<subfield code="a">González Santos, Josefa</subfield>
<subfield code="e">author</subfield>
</datafield>
<datafield tag="720" ind1=" " ind2=" ">
<subfield code="a">González Bernal, Jerónimo</subfield>
<subfield code="e">author</subfield>
</datafield>
<datafield tag="720" ind1=" " ind2=" ">
<subfield code="a">Santamaría Peláez, Mirian</subfield>
<subfield code="e">author</subfield>
</datafield>
<datafield tag="720" ind1=" " ind2=" ">
<subfield code="a">Fernández Solana, Jessica</subfield>
<subfield code="e">author</subfield>
</datafield>
<datafield tag="720" ind1=" " ind2=" ">
<subfield code="a">Sánchez Gómez López-Lama, Sara M.</subfield>
<subfield code="e">author</subfield>
</datafield>
<datafield tag="720" ind1=" " ind2=" ">
<subfield code="a">Gómez-Martín, Ana</subfield>
<subfield code="e">author</subfield>
</datafield>
<datafield tag="260" ind1=" " ind2=" ">
<subfield code="c">2024-06-30</subfield>
</datafield>
<datafield tag="520" ind1=" " ind2=" ">
<subfield code="a">Los pacientes participantes en el estudio fueron aquellos atendidos por el Servicio de Urgencias Hospital del Complejo Hospitalario de Cáceres (España) entre enero de 2018 y diciembre de 2022 por algún tipo de quemadura.&#xd;
&#xd;
Variables recogidas: servicio de alta, sexo biológico (hombre, mujer), edad (años), fecha de ingreso, duración de la estancia (días), tipo de urgencia (pediátrica o adulta), clasificación según la norma estatal All Patients Refined - Diagnosis-Related Groups (APR-GRD) tipo de tratamiento (médico/quirúrgico), diagnóstico principal según la CIE-10 (T20, T21. .., T32), grosor de la piel afectada (parcial, completa, no declarada, superficie corporal, grado de quemadura (primera, segunda, tercera, no declarada), zonas afectadas (1, 2 o más, no declaradas), superficie corporal (parcial, completa, no declarada, superficie corporal no declarada), número de quemaduras (parcial, completa, no declarada, superficie corporal no declarada). T32), grosor de la piel afectada (parcial, completa, no consta), grado de la quemadura (primero, segundo, tercero, no consta), zonas afectadas (1, 2 o más, no consta), superficie corporal (según clasificación CIE-10), abordaje del tratamiento (externo, abierto, ambos, no consta), número de procedimientos necesarios, tipo de procedimiento realizado (sustitución, escisión, reparación, extirpación, amputación, traslado, liberación, cuidado de la herida, irrigación, vendaje, drenaje, transfusión, suplementación, inserción, inserción, soporte). La enfermería participa activamente en todos estos procedimientos, desempeñando un papel fundamental en cada uno de ellos.</subfield>
</datafield>
<datafield tag="024" ind2=" " ind1="8">
<subfield code="a">http://hdl.handle.net/10259/9358</subfield>
</datafield>
<datafield tag="024" ind2=" " ind1="8">
<subfield code="a">10.71486/ek04-z678</subfield>
</datafield>
<datafield ind1=" " ind2=" " tag="653">
<subfield code="a">Quemaduras</subfield>
</datafield>
<datafield ind1=" " ind2=" " tag="653">
<subfield code="a">Servició de Urgencias Hospitalario</subfield>
</datafield>
<datafield ind1=" " ind2=" " tag="653">
<subfield code="a">CIE-10</subfield>
</datafield>
<datafield ind1=" " ind2=" " tag="653">
<subfield code="a">APR-GRD</subfield>
</datafield>
<datafield tag="245" ind1="0" ind2="0">
<subfield code="a">Pacientes atendidos en el servicio de urgencias en el Complejo Hospitalario de Cáceres por quemaduras</subfield>
</datafield>
</record></metadata></record></GetRecord></OAI-PMH>